00941 a2200169 45000010006000000050017000060080041000230030015000640400040000790800019001192450104001382640035002423000019002775050443002960410008007391000024007475708220260407155833.0260407a1966 arg spa dAR-UNSa-BCEJYS aAR-UNSa-BCEJYSbspacAR-UNSa-BCEJYS a622xMinería10aLos Minerales y el Hombrepuna exploración del reino de los minerales y su influencia en el mundo 1aMéxico :bLimusa-Wileyc1966 a220 p.c18 cm. aPrimera Parte: EL PAPEL DE LOS MINERALES EN LA SOCIEDAD MODERNA: 1. Introducción al mudo de los minerales – 2. Lo que debemos saber acerca de la provisión de minerales - - Segunda Parte: ESTUDIOS SOBRE LOS PRODUCTOS MINERALES: 3. La industria siderúrgica – 4. Los metales base – 5. Los metales ligeros – 6. Minerales y rocas industriales - - Tercera Parte: RECAPITULACION: 7. ¿Cómo debemos razonar acerca de los minerales aspa1 aMc Divitt, James F.